02286nam a2200337 a 4500001001200000003000800012006001900020007001500039008004100054010001700095020001800112020002700130040002100157035002100178050002600199082001800225245018800243260004800431300002500479504005100504520087400555533015201429650004301581650003801624650001401662655002901676710008301705710001701788856012601805999001701931ebr10575459CaPaEBRm u cr cn|||||||||110808s2012 njua sb 001 0 eng d z 2011033614 z9780470767740 z9781118178577 (e-book) aCaPaEBRcCaPaEBR a(OCoLC)77961633714aTP150.S24bR44 2012eb04a660/.280422300aRecognizing catastrophic incident warning signs in the process industriesh[electronic resource] /cCenter for Chemical Process Safety of the American Institute of Chemical Engineers. aHoboken, N.J. :bJohn Wiley & Sons,cc2012. axxix, 227 p. :bill. aIncludes bibliographical references and index. a"This book provides guidance on characterizing, recognizing, and responding to warning signs to help avoid process incidents and injuries before they occur. The guidance can be used by both process safety management (PSM) professionals in evaluating their processes and PSM systems as well as for operators who are often the frontline defense against process incidents. Warning signs may consist of process deviations or upsets, instrumentation warnings or alarms, past operating history and incidents, observable problems such as corrosion or unusual odors, audit results indicating procedures are not being followed, or a number of other indicators. Filled with photos and practical tips, this book will turn anyone in a process plant into a hazard lookout and will help prevent potential incidents before they turn into catastrophic events"--cProvided by publisher. aElectronic reproduction.bPalo Alto, Calif. :cebrary,d2011.nAvailable via World Wide Web.nAccess may be limited to ebrary affiliated libraries. 0aChemical engineeringxSafety measures. 0aChemicalsxAccidentsxPrevention. 0aWarnings. 7aElectronic books.2local2 aAmerican Institute of Chemical Engineers.bCenter for Chemical Process Safety.2 aebrary, Inc.40uhttp://site.ebrary.com/lib/rucke/Doc?id=10575459zAn electronic book accessible through the World Wide Web; click to view c78122d78122